000 00442nam a2200157 a 4500
001 000029082
005 20200930055323.0
008 110413s1992 dr 000 0 spa d
040 _aDO-SdBNP
_bspa
_cBNPHU
082 _axxx
_bG887h
100 1 _aGrullón, Ruddy
_911028
245 1 0 _aHaití : cronología básica /
_cRuddy Grullón.
260 _aSanto Domingo :
_bImprenta Unión y Paz,
_c1992.
300 _a34 p. ;
_c22 cm.
049 _aBNPD
999 _c28574
_d28574